01618nam a2200385 a 4500001001000000003000500010005001700015008004100032010001100073011001100084040000900095090001000104100004800114245017100162260004100333500006000374502006900434590003700503590004100540590004000581590004000621650003400661650003400695650003400729650003600763650002900799856001600828856007000844901000700914942001000921942000600931999001900937952013600956952014001092000111281CHAP20220329144205.0150126s2014 mx a fsm |||||||spa d a107743 a108715 cCHAP aTesis1 aAlcázar Orihuela, Miguelina Sugei912912710aEcointensificación :h[En línea]bfundamentos para la restauración de suelos y la productividad agrícola en Morelos /cpor Miguelina Sugei Alcázar Orihuela. aChapingo, Méx. :bEl autor,c2014. aPara ver el contenido del material haga clic en la liga aTesis (Ing. Agr. Esp. en Suelos) -- UACH. Departamento de Suelos aBATCHb00c20181121lUCH01h0758 aE11695DGDb10c20150129lUCH01h0802 aE6096MTMb05c20150126lUCH01h1356 aE6096MTMb05c20150126lUCH01h135814aAgricultura orgánica.9200514aCultivosxRendimiento.93031814aEcología agrícola.93516514aSuelosxConservación.911028314aSuelosxMorelos.9110445 a1 n0000192 aFinding aiduhttp://10.13.5.2/tesis/sist111281.pdfzTeclea aquí aBK cTESIS n0 c107743d107743 00104054718TESISaBCbBCd2015-01-26fTESISl0oTesisp33724002441793r2019-12-31 00:00:00w2019-12-31yTESISzRecien adquirido 00102local4053708TESISaBCbBCcPA_TESISd2015-01-26fTESISl0oTesisp33724002441835r2019-12-31 00:00:00tc.2w2019-12-31yTESIS